[Event "Oberliga Ost B 2017 2018"]
[Site "Germany"]
[Date "2017.11.12"]
[Round "3.4"]
[White "Schaack, Harry"]
[Black "George, Tom"]
[Result "1-0"]
[WhiteElo "2207"]
[BlackElo "2205"]
[PlyCount "73"]
[EventDate "2017.10.22"]
[EventType "team-tourn"]
[EventCountry "GER"]
[WhiteTeam "Schoeneck SF"]
[BlackTeam "Stadtilm SG BW"]
[WhiteTeamCountry "GER"]
[BlackTeamCountry "GER"]

1. e4 c5 2. Nf3 d6 3. d4 cxd4 4. Nxd4 Nf6 5. Nc3 a6 6. a4 e6 7. Be2 Qc7 8. O-O
b6 9. f4 Bb7 10. Bf3 Be7 11. Kh1 O-O 12. g4 d5 13. e5 Nfd7 14. Bg2 Nc6 15. Nce2
Nxd4 16. Nxd4 Rfc8 17. c3 Bc5 18. Be3 b5 19. Qe1 bxa4 20. Rxa4 Nb6 21. Ra2 Nc4
22. Bg1 Rcb8 23. b3 Na3 24. f5 exf5 25. gxf5 Re8 26. e6 Nb5 27. Re2 Nxd4 28.
cxd4 Be7 29. Bf2 Qb6 30. exf7+ Kxf7 31. Bf3 Qh6 32. Re6 Bf6 33. Qb4 Reb8 34.
Rb6 Ra7 35. Rxb7+ Raxb7 36. Bxd5+ Ke8 37. Re1+ 1-0

[Event "Oberliga Ost B 2017 2018"]
[Site "Germany"]
[Date "2017.11.12"]
[Round "3.5"]
[White "Siebarth, Marco"]
[Black "Everett, Elijah"]
[Result "1/2-1/2"]
[WhiteElo "2024"]
[BlackElo "2168"]
[PlyCount "97"]
[EventDate "2017.10.22"]
[EventType "team-tourn"]
[EventCountry "GER"]
[WhiteTeam "Stadtilm SG BW"]
[BlackTeam "Schoeneck SF"]
[WhiteTeamCountry "GER"]
[BlackTeamCountry "GER"]

1. e4 c5 2. Nf3 d6 3. d4 cxd4 4. Nxd4 Nf6 5. Nc3 a6 6. a4 e5 7. Nde2 Be7 8. g3
O-O 9. Bg2 b6 10. O-O Bb7 11. h3 h5 12. Be3 Nbd7 13. Nd5 Nxd5 14. exd5 h4 15.
g4 Bg5 16. Qd2 Bxe3 17. Qxe3 Rc8 18. Nc3 b5 19. axb5 axb5 20. Nxb5 Nb6 21. Qd3
Rc5 22. Nc3 Qc7 23. Be4 Rc4 24. Rfd1 Qc5 25. Qe3 Rd4 26. Qg5 Qb4 27. Rxd4 exd4
28. Ne2 d3 29. cxd3 Qxb2 30. Re1 Re8 31. Qxh4 g6 32. Qg5 Qb4 33. Rd1 Nxd5 34.
Bxd5 Bxd5 35. Qxd5 Rxe2 36. Qf3 Re6 37. d4 Kg7 38. Kg2 Rf6 39. Qe3 Re6 40. Qd2
Qb7+ 41. d5 Re5 42. Qc3 Kh7 43. Qf3 Kg7 44. Rd3 Kg8 45. Re3 Qxd5 46. Qxd5 Rxd5
47. Kf3 Kg7 48. Ke4 Rd2 49. Rd3 1/2-1/2

[Event "Oberliga Ost B 2017 2018"]
[Site "Germany"]
[Date "2017.11.12"]
[Round "3.6"]
[White "Garbe, Ralf"]
[Black "Neubauer, Andreas"]
[Result "0-1"]
[WhiteElo "2195"]
[BlackElo "2145"]
[PlyCount "70"]
[EventDate "2017.10.22"]
[EventType "team-tourn"]
[EventCountry "GER"]
[WhiteTeam "Schoeneck SF"]
[BlackTeam "Stadtilm SG BW"]
[WhiteTeamCountry "GER"]
[BlackTeamCountry "GER"]

1. d4 Nf6 2. Nf3 g6 3. Bg5 Bg7 4. Nbd2 O-O 5. c3 d5 6. e3 Nbd7 7. Be2 c5 8. O-O
b6 9. a4 Bb7 10. a5 Bc6 11. Qc2 h6 12. Bh4 Qe8 13. axb6 axb6 14. Qb3 c4 15. Qc2
b5 16. b4 Ne4 17. Nxe4 dxe4 18. Nd2 g5 19. Bg3 f5 20. f3 Nf6 21. Rxa8 Qxa8 22.
Qb2 Nd5 23. Bf2 f4 24. Nxe4 fxe3 25. Bg3 g4 26. Ra1 Qc8 27. fxg4 Nf4 28. Bf3 e5
29. Ra7 Qd8 30. Bxf4 Rxf4 31. Nc5 Bxf3 32. Rxg7+ Kh8 33. gxf3 Qh4 34. Rg6 Qe1+
35. Kg2 Qd2+ 0-1

[Event "Oberliga Ost B 2017 2018"]
[Site "Germany"]
[Date "2017.11.12"]
[Round "3.7"]
[White "Schroeter, Maik"]
[Black "Meyer, Kai Christian"]
[Result "1/2-1/2"]
[WhiteElo "1876"]
[BlackElo "2158"]
[PlyCount "45"]
[EventDate "2017.10.22"]
[EventType "team-tourn"]
[EventCountry "GER"]
[WhiteTeam "Stadtilm SG BW"]
[BlackTeam "Schoeneck SF"]
[WhiteTeamCountry "GER"]
[BlackTeamCountry "GER"]

1. e4 c6 2. d4 d5 3. Nc3 dxe4 4. Nxe4 Bf5 5. Ng3 Bg6 6. Nf3 Nf6 7. Bd3 e6 8. c3
Nbd7 9. Bg5 Qc7 10. Bxf6 Nxf6 11. O-O Bd6 12. Re1 O-O 13. Bxg6 hxg6 14. Ne4
Nxe4 15. Rxe4 Rfd8 16. Qe2 Qa5 17. a3 Qb5 18. c4 Qf5 19. Rd1 b5 20. c5 Bc7 21.
Ne5 Bxe5 22. Rxe5 Qf6 23. Rd3 1/2-1/2

[Event "Oberliga Ost B 2017 2018"]
[Site "Germany"]
[Date "2017.11.12"]
[Round "3.8"]
[White "Mueller, Achim"]
[Black "Wolf, Philipp"]
[Result "0-1"]
[WhiteElo "2137"]
[BlackElo "1832"]
[PlyCount "96"]
[EventDate "2017.10.22"]
[EventType "team-tourn"]
[EventCountry "GER"]
[WhiteTeam "Schoeneck SF"]
[BlackTeam "Stadtilm SG BW"]
[WhiteTeamCountry "GER"]
[BlackTeamCountry "GER"]

1. e4 c5 2. Nf3 e6 3. d3 Nc6 4. g3 Nf6 5. Bg2 Be7 6. O-O d5 7. e5 Nd7 8. Re1
O-O 9. Nbd2 Qc7 10. Qe2 b6 11. c3 Ba6 12. Nf1 Rac8 13. h4 Rfd8 14. Bf4 d4 15.
c4 Nf8 16. h5 h6 17. N1h2 Nh7 18. Ng4 Bf8 19. Nd2 Ne7 20. Nf6+ Kh8 21. Be4 gxf6
22. exf6 Qd7 23. fxe7 Qxe7 24. Qf3 Bg7 25. Qh1 e5 26. Bd5 Qc7 27. Bxf7 Qxf7 28.
Bxe5 Bxe5 29. Rxe5 Bb7 30. Ne4 Rf8 31. f4 Rcd8 32. Re1 Rg8 33. Qh4 Bxe4 34.
R1xe4 Rde8 35. Kf2 Rxe5 36. Rxe5 Re8 37. Re4 Rxe4 38. dxe4 Qf6 39. Qg4 Qf7 40.
Qg6 Qf8 41. e5 Qg7 42. g4 Qxg6 43. hxg6 Nf8 44. f5 Nd7 45. e6 Nf6 46. e7 Nxg4+
47. Kf3 Nf6 48. Kf4 Kg7 0-1

[Event "Oberliga Ost B 2017 2018"]
[Site "Germany"]
[Date "2017.12.10"]
[Round "4.1"]
[White "Teske, Henrik"]
[Black "Brueggemann, Ludger"]
[Result "1/2-1/2"]
[WhiteElo "2471"]
[BlackElo "2285"]
[PlyCount "38"]
[EventDate "2017.10.22"]
[EventType "team-tourn"]
[EventCountry "GER"]
[WhiteTeam "Erfurt SV Empor"]
[BlackTeam "Frankfurter TV"]
[WhiteTeamCountry "GER"]
[BlackTeamCountry "GER"]

1. d4 Nf6 2. Nf3 g6 3. c4 Bg7 4. g3 O-O 5. Bg2 d6 6. O-O Nbd7 7. Nc3 e5 8. e4
c6 9. b3 exd4 10. Nxd4 Re8 11. Bb2 Nc5 12. Qc2 a5 13. Rfd1 Qe7 14. Rd2 g5 15.
Rad1 Ng4 16. Re2 Ne5 17. h3 g4 18. hxg4 Bxg4 19. f3 Bd7 1/2-1/2

[Event "Oberliga Ost B 2017 2018"]
[Site "Germany"]
[Date "2017.12.10"]
[Round "4.2"]
[White "Telljohann, Sven"]
[Black "Langheinrich, Ferenc"]
[Result "1/2-1/2"]
[WhiteElo "2391"]
[BlackElo "2373"]
[PlyCount "20"]
[EventDate "2017.10.22"]
[EventType "team-tourn"]
[EventCountry "GER"]
[WhiteTeam "Frankfurter TV"]
[BlackTeam "Erfurt SV Empor"]
[WhiteTeamCountry "GER"]
[BlackTeamCountry "GER"]

1. Nf3 Nf6 2. g3 d5 3. Bg2 g6 4. O-O Bg7 5. d4 O-O 6. Bf4 c5 7. c3 cxd4 8. Bxb8
Rxb8 9. cxd4 Bg4 10. e3 e6 1/2-1/2

[Event "Oberliga Ost B 2017 2018"]
[Site "Germany"]
[Date "2017.12.10"]
[Round "4.3"]
[White "Friedrich, Wiede"]
[Black "du Maire, Jerome"]
[Result "1/2-1/2"]
[WhiteElo "2334"]
[BlackElo "2154"]
[PlyCount "98"]
[EventDate "2017.10.22"]
[EventType "team-tourn"]
[EventCountry "GER"]
[WhiteTeam "Erfurt SV Empor"]
[BlackTeam "Frankfurter TV"]
[WhiteTeamCountry "GER"]
[BlackTeamCountry "GER"]

1. e4 e6 2. d4 d5 3. Nd2 Nc6 4. Ngf3 Nf6 5. exd5 exd5 6. Bb5 Bd6 7. Qe2+ Qe7 8.
Qxe7+ Kxe7 9. O-O Bd7 10. c4 Rae8 11. c5 Bf4 12. g3 Bh6 13. Bxc6 Bxc6 14. Re1+
Kd8 15. Ne5 Rhf8 16. Nb3 Bxc1 17. Rexc1 Ne4 18. Na5 Re6 19. f3 Ng5 20. h4 Rxe5
21. Nxc6+ bxc6 22. dxe5 Nxf3+ 23. Kg2 Nxe5 24. Rc3 Nc4 25. Re1 f6 26. Rb3 Kd7
27. g4 a5 28. Kg3 a4 29. Rb4 Ra8 30. Rd1 Kc8 31. b3 axb3 32. axb3 Ra3 33. Kf4
Ne5 34. g5 Nd7 35. gxf6 Nxf6 36. Rg1 g6 37. Kg5 Ne4+ 38. Kh6 Ra2 39. Kxh7 Rh2
40. Kxg6 Rxh4 41. Rf1 Rg4+ 42. Kf5 Rg3 43. Rc1 Nd2 44. Rh1 Rf3+ 45. Ke5 Re3+
46. Kf4 Rxb3 47. Rh8+ Kd7 48. Rh7+ Kc8 49. Rh8+ Kd7 1/2-1/2

[Event "Oberliga Ost B 2017 2018"]
[Site "Germany"]
[Date "2017.12.10"]
[Round "4.4"]
[White "Diyap, Murat"]
[Black "Michalowski, Peter"]
[Result "1/2-1/2"]
[WhiteElo "2093"]
[BlackElo "2064"]
[PlyCount "54"]
[EventDate "2017.10.22"]
[EventType "team-tourn"]
[EventCountry "GER"]
[WhiteTeam "Frankfurter TV"]
[BlackTeam "Erfurt SV Empor"]
[WhiteTeamCountry "GER"]
[BlackTeamCountry "GER"]

1. e4 c5 2. Nf3 d6 3. d4 cxd4 4. Nxd4 Nf6 5. Nc3 a6 6. g3 g6 7. Bg2 Bg7 8. h3
O-O 9. Be3 Qc7 10. g4 Be6 11. Nxe6 fxe6 12. Ne2 e5 13. Ng3 Nc6 14. c3 Na5 15.
g5 Nd7 16. Qd5+ Rf7 17. Bf1 Rc8 18. h4 b5 19. Bh3 Nb6 20. Bxb6 Qxb6 21. Bxc8
Qxf2+ 22. Kd1 Nc4 23. Re1 Nxb2+ 24. Kc1 Nc4 25. Kd1 Nb2+ 26. Kc1 Nc4 27. Kd1
Nb2+ 1/2-1/2

[Event "Oberliga Ost B 2017 2018"]
[Site "Germany"]
[Date "2017.12.10"]
[Round "4.5"]
[White "Weishaeutel, Moritz"]
[Black "Neininger, Ralph"]
[Result "1/2-1/2"]
[WhiteElo "1983"]
[BlackElo "2064"]
[PlyCount "105"]
[EventDate "2017.10.22"]
[EventType "team-tourn"]
[EventCountry "GER"]
[WhiteTeam "Erfurt SV Empor"]
[BlackTeam "Frankfurter TV"]
[WhiteTeamCountry "GER"]
[BlackTeamCountry "GER"]

1. e4 e6 2. d4 d5 3. Nd2 dxe4 4. Nxe4 Bd7 5. Nf3 Bc6 6. Bd3 Nd7 7. Qe2 Ngf6 8.
O-O Nxe4 9. Bxe4 Bxe4 10. Qxe4 c6 11. c3 Be7 12. Qg4 O-O 13. Bh6 Bf6 14. Rfe1
Kh8 15. Bf4 Qb6 16. Rab1 Rad8 17. Bd6 Rfe8 18. Qh5 g6 19. Qh6 Qa5 20. Qf4 Qf5
21. Qxf5 gxf5 22. Ne5 Nxe5 23. Bxe5 Bxe5 24. Rxe5 Rd5 25. Rbe1 Red8 26. f4 Kg7
27. Kf2 Rxe5 28. Rxe5 Rd5 29. Rxd5 exd5 30. Ke3 Kf6 31. b3 Ke6 32. a4 b5 33.
Kd3 bxa4 34. bxa4 a5 35. Ke2 Kf6 36. Kf2 Kg6 37. Kg3 h5 38. Kh4 Kh6 39. h3 Kg6
40. Kg3 Kg7 41. Kf2 Kf6 42. Kg3 Kg7 43. Kf3 Kg6 44. Kf2 Kf6 45. Kg1 Kg6 46. Kh2
Kf6 47. Kg3 Kg7 48. Kh4 Kg6 49. g3 f6 50. g4 fxg4 51. hxg4 hxg4 52. Kxg4 f5+
53. Kg3 1/2-1/2

[Event "Oberliga Ost B 2017 2018"]
[Site "Germany"]
[Date "2017.12.10"]
[Round "4.6"]
[White "Henrich, David"]
[Black "Sieber, Stephan"]
[Result "1/2-1/2"]
[WhiteElo "2092"]
[BlackElo "2217"]
[PlyCount "38"]
[EventDate "2017.10.22"]
[EventType "team-tourn"]
[EventCountry "GER"]
[WhiteTeam "Frankfurter TV"]
[BlackTeam "Erfurt SV Empor"]
[WhiteTeamCountry "GER"]
[BlackTeamCountry "GER"]

1. c4 f5 2. Nc3 Nf6 3. g3 g6 4. Bg2 Bg7 5. d3 O-O 6. Rb1 a5 7. a3 c6 8. Qb3 d6
9. Nf3 Na6 10. Na4 Kh8 11. Be3 Nd7 12. d4 Rb8 13. Ng5 Nf6 14. c5 Nc7 15. cxd6
exd6 16. Nb6 d5 17. Nxc8 Qxc8 18. Bf4 Nfe8 19. Nf3 Ra8 1/2-1/2

[Event "Oberliga Ost B 2017 2018"]
[Site "Germany"]
[Date "2017.12.10"]
[Round "4.8"]
[White "Krzesinski, Paul"]
[Black "Pichl, Michael"]
[Result "0-1"]
[WhiteElo "2087"]
[BlackElo "2049"]
[PlyCount "184"]
[EventDate "2017.10.22"]
[EventType "team-tourn"]
[EventCountry "GER"]
[WhiteTeam "Frankfurter TV"]
[BlackTeam "Erfurt SV Empor"]
[WhiteTeamCountry "GER"]
[BlackTeamCountry "GER"]

1. e4 c5 2. Nf3 g6 3. d4 cxd4 4. Nxd4 Bg7 5. Nc3 d6 6. Be3 Nf6 7. Bc4 a6 8. f3
b5 9. Bb3 Bb7 10. Qd2 Nbd7 11. O-O-O Qc7 12. Kb1 Nb6 13. Bh6 Bxh6 14. Qxh6 Nc4
15. h4 O-O-O 16. Qg5 d5 17. exd5 h6 18. d6 Qxd6 19. Qc1 Qc7 20. a4 b4 21. Na2
Nd5 22. c3 bxc3 23. Nxc3 Nde3 24. Bxc4 Nxd1 25. Nce2 Nf2 26. Rf1 e5 27. Nb3 Nd3
28. Qc3 Nf4 29. Rc1 Kb8 30. Qb4 Rd6 31. Nc5 Ka7 32. a5 Rc6 33. Nxf4 Rxc5 34.
Nd3 Rc6 35. b3 Rc8 36. Re1 f6 37. f4 Re8 38. Bd5 Rc3 39. Bc4 Rxc4 40. bxc4 e4
41. Nc5 f5 42. Re3 Bc6 43. Nb3 Rb8 44. Qc5+ Ka8 45. Kc1 Qb7 46. Qa3 Qb4 47.
Qxb4 Rxb4 48. Rc3 Bd7 49. Nc5 Bc8 50. Rc2 Kb8 51. Kd2 Kc7 52. Kc3 Rb1 53. Rd2
Rf1 54. g4 Rxf4 55. gxf5 gxf5 56. Rg2 Rxh4 57. Rg7+ Kd6 58. Kb4 Rh1 59. Rg6+
Ke5 60. Rc6 Rb1+ 61. Kc3 Rb8 62. Rxh6 Kf4 63. Kd4 Rb1 64. Rh4+ Kg3 65. Rh8 Bb7
66. Rf8 Rd1+ 67. Ke3 f4+ 68. Ke2 Rb1 69. Rg8+ Kh4 70. Rh8+ Kg5 71. Rg8+ Kf5 72.
Rf8+ Ke5 73. Re8+ Kd4 74. Ne6+ Kxc4 75. Nxf4 Rb5 76. Rb8 Kb4 77. Ne6 Kxa5 78.
Nd4 Rb2+ 79. Ke3 Kb6 80. Ne2 Kc7 81. Rh8 a5 82. Nc3 Rb4 83. Rh7+ Kb8 84. Rh5 a4
85. Ra5 Bc6 86. Rc5 Kb7 87. Nd5 Bxd5 88. Rxd5 Kb6 89. Rd8 Kc5 90. Rc8+ Kd5 91.
Rd8+ Kc4 92. Kxe4 a3 0-1

[Event "Oberliga Ost B 2017 2018"]
[Site "Germany"]
[Date "2017.12.10"]
[Round "4.1"]
[White "Zimmermann, Hendrik"]
[Black "Dubiel, Jacek"]
[Result "0-1"]
[WhiteElo "2175"]
[BlackElo "2429"]
[PlyCount "88"]
[EventDate "2017.10.22"]
[EventType "team-tourn"]
[EventCountry "GER"]
[WhiteTeam "Frankfurt SC Koenig Nied"]
[BlackTeam "Oberursel SV"]
[WhiteTeamCountry "GER"]
[BlackTeamCountry "GER"]

1. e4 c5 2. Nf3 e6 3. d4 cxd4 4. Nxd4 a6 5. Bd3 g6 6. O-O Bg7 7. Nb3 Ne7 8. c4
O-O 9. Nc3 Nbc6 10. Bf4 d5 11. exd5 exd5 12. c5 Ne5 13. Re1 N7c6 14. Bf1 Be6
15. Rc1 Nc4 16. Qe2 Qf6 17. Bg3 Rad8 18. f3 Bh6 19. Rcd1 Ne3 20. Rd3 Nf5 21.
Bf2 Nb4 22. Rdd1 Rfe8 23. Bd4 Nxd4 24. Nxd4 Bd7 25. Qf2 Rxe1 26. Rxe1 Bg7 27.
Rd1 Nc6 28. Nce2 Qe7 29. Nxc6 Bxc6 30. b4 d4 31. Nf4 Bh6 32. Rxd4 Bxf4 33. Rxf4
Rd1 34. g3 Qe5 35. Kg2 Bd5 36. a4 g5 37. Rg4 h5 38. Qe2 Bxf3+ 39. Kxf3 hxg4+
40. Kxg4 Rd4+ 41. Kh3 Qxe2 42. Bxe2 Rxb4 43. Bf3 g4+ 44. Bxg4 Rxa4 0-1

[Event "Oberliga Ost B 2017 2018"]
[Site "Germany"]
[Date "2017.12.10"]
[Round "4.2"]
[White "Heinz, Axel"]
[Black "Uwira, Oliver"]
[Result "1-0"]
[WhiteElo "2435"]
[BlackElo "2251"]
[PlyCount "139"]
[EventDate "2017.10.22"]
[EventType "team-tourn"]
[EventCountry "GER"]
[WhiteTeam "Oberursel SV"]
[BlackTeam "Frankfurt SC Koenig Nied"]
[WhiteTeamCountry "GER"]
[BlackTeamCountry "GER"]

1. e4 c5 2. Nf3 Nc6 3. Bb5 g6 4. Bxc6 dxc6 5. d3 Bg7 6. h3 Nf6 7. Nc3 O-O 8.
Be3 Nd7 9. Qd2 Re8 10. Nh2 e5 11. O-O Qe7 12. Bh6 Nf8 13. Bxg7 Kxg7 14. f4 exf4
15. Qxf4 Ne6 16. Qe5+ f6 17. Qg3 Nd4 18. Qf2 Be6 19. Nf3 Rad8 20. Nxd4 cxd4 21.
Ne2 c5 22. b3 Rf8 23. Qh4 Qd6 24. Rf2 Qe5 25. a4 b6 26. Kh1 Rd7 27. Ng1 g5 28.
Qh5 h6 29. Qe2 Rdf7 30. Raf1 h5 31. Qxh5 Rh8 32. Qe2 g4 33. Rf4 Qg5 34. g3 gxh3
35. Nf3 Qh5 36. Rh4 Qg6 37. Kh2 Bg4 38. Qf2 Rxh4 39. Nxh4 Qg5 40. Nf5+ Kg6 41.
Nh4+ Kg7 42. a5 b5 43. Nf5+ Kg6 44. Nd6 Rd7 45. Nxb5 f5 46. e5 Re7 47. Re1 Re6
48. Nc7 Rc6 49. Nd5 Qd8 50. e6 Qxd5 51. e7 Re6 52. e8=Q+ Rxe8 53. Rxe8 a6 54.
Qd2 Qf3 55. Re6+ Kf7 56. Re1 Kg6 57. Re5 Qf1 58. Re6+ Kf7 59. Re5 Kg6 60. Re1
Qf3 61. Re6+ Kf7 62. Re5 Kf6 63. Rxc5 Qe3 64. Qxe3 dxe3 65. d4 Bf3 66. Rc3 e2
67. Re3 f4 68. gxf4 Kf5 69. Kg3 h2 70. Re5+ 1-0

[Event "Oberliga Ost B 2017 2018"]
[Site "Germany"]
[Date "2017.12.10"]
[Round "4.3"]
[White "Wege, Jochen"]
[Black "Schlamp, Robert"]
[Result "1-0"]
[WhiteElo "2294"]
[BlackElo "2297"]
[PlyCount "137"]
[EventDate "2017.10.22"]
[EventType "team-tourn"]
[EventCountry "GER"]
[WhiteTeam "Frankfurt SC Koenig Nied"]
[BlackTeam "Oberursel SV"]
[WhiteTeamCountry "GER"]
[BlackTeamCountry "GER"]

1. e4 e6 2. d4 d5 3. Nc3 Bb4 4. e5 c5 5. Qg4 Kf8 6. dxc5 Nc6 7. Nf3 Nge7 8. Bd3
d4 9. a3 Ba5 10. b4 dxc3 11. bxa5 Ng6 12. O-O Ncxe5 13. Nxe5 Nxe5 14. Qb4 Nxd3
15. Rd1 Qe7 16. Rxd3 e5 17. Qxc3 Bd7 18. a6 Bc6 19. axb7 Qxb7 20. Qxe5 Re8 21.
Qd6+ Kg8 22. Re3 Rxe3 23. Bxe3 h6 24. Bd4 Kh7 25. Qe5 Rg8 26. f3 f6 27. Qf5+
Kh8 28. Re1 Rd8 29. c3 Qf7 30. Qe6 Qxe6 31. Rxe6 Rc8 32. Re7 a6 33. Kf2 Kg8 34.
Ra7 Bb5 35. f4 Re8 36. a4 Bxa4 37. Rxa6 Bb5 38. Rb6 Ba4 39. Be3 Rc8 40. Ke2 Bc6
41. g3 Be4 42. Re6 Bd5 43. Rd6 Be4 44. Bd4 Rc7 45. Ke3 Bg2 46. g4 Kf7 47. h4
Re7+ 48. Kf2 Be4 49. f5 Rc7 50. Ke3 Bc2 51. Kf4 Ba4 52. g5 hxg5+ 53. hxg5 fxg5+
54. Kxg5 Be8 55. Kf4 Ba4 56. Rg6 Kf8 57. Be5 Rf7 58. c6 Bc2 59. Bxg7+ Ke8 60.
Re6+ Kd8 61. Bf6+ Kc8 62. Kg5 Bb3 63. Rd6 Kc7 64. Be5 Kb6 65. f6 Rf8 66. c4
Bxc4 67. c7+ Kb7 68. Rd8 Rg8+ 69. Kh6 1-0

[Event "Oberliga Ost B 2017 2018"]
[Site "Germany"]
[Date "2017.12.10"]
[Round "4.4"]
[White "Haubt, Georg"]
[Black "Staller, Peter"]
[Result "1/2-1/2"]
[WhiteElo "2183"]
[BlackElo "2267"]
[PlyCount "22"]
[EventDate "2017.10.22"]
[EventType "team-tourn"]
[EventCountry "GER"]
[WhiteTeam "Oberursel SV"]
[BlackTeam "Frankfurt SC Koenig Nied"]
[WhiteTeamCountry "GER"]
[BlackTeamCountry "GER"]

1. d4 Nf6 2. Bg5 Ne4 3. Bf4 d5 4. Nd2 Nxd2 5. Qxd2 e6 6. Nf3 Bd6 7. Bg5 Be7 8.
Bxe7 Qxe7 9. e3 O-O 10. Bd3 Nd7 11. O-O e5 1/2-1/2

[Event "Oberliga Ost B 2017 2018"]
[Site "Germany"]
[Date "2017.12.10"]
[Round "4.5"]
[White "Chandler, Patrick"]
[Black "Haakert, Juergen"]
[Result "1/2-1/2"]
[WhiteElo "2211"]
[BlackElo "2312"]
[PlyCount "247"]
[EventDate "2017.10.22"]
[EventType "team-tourn"]
[EventCountry "GER"]
[WhiteTeam "Frankfurt SC Koenig Nied"]
[BlackTeam "Oberursel SV"]
[WhiteTeamCountry "GER"]
[BlackTeamCountry "GER"]

1. d4 f5 2. Nf3 Nf6 3. e3 g6 4. b3 Bg7 5. Bb2 O-O 6. Nbd2 d6 7. Be2 Nc6 8. a3
e5 9. O-O Qe7 10. c4 e4 11. Ne1 d5 12. b4 a6 13. b5 axb5 14. cxb5 Na5 15. a4
Rf7 16. Nc2 Nd7 17. Ba3 Qd8 18. Bb4 Nb6 19. Nb1 Be6 20. Qe1 Nbc4 21. Nc3 c6 22.
Rb1 f4 23. exf4 Rxf4 24. bxc6 bxc6 25. Nd1 Bg4 26. Nde3 Bxe2 27. Qxe2 Nd6 28.
Bc5 Nac4 29. Rb4 Bf8 30. Rfb1 Rf7 31. R4b3 Kg7 32. Ng4 Qg5 33. Ne5 Qd2 34. Qxd2
Nxd2 35. Rb8 Rfa7 36. Bxa7 Rxa7 37. Rd1 N2c4 38. Nxc6 Rxa4 39. N2b4 e3 40. Nxd5
exf2+ 41. Kxf2 Ra2+ 42. Kg1 Nf5 43. Rb7+ Kh6 44. Ne5 Nce3 45. Nxe3 Nxe3 46.
Rdb1 Rxg2+ 47. Kh1 Rd2 48. R7b3 Nf5 49. Nf3 Re2 50. R1b2 Re4 51. Rd2 Bd6 52.
Rbd3 g5 53. Ng1 Kg6 54. Re2 Rxd4 55. Rxd4 Nxd4 56. Re4 Nf5 57. Nf3 Kf6 58. Ra4
h5 59. Nd2 Bf4 60. Ne4+ Ke5 61. Nc3 Bd2 62. Re4+ Kd6 63. Ne2 Kd5 64. Re8 Nd6
65. Rh8 h4 66. Kg2 Ke4 67. Ng1 Bc3 68. Rd8 Nf5 69. Re8+ Kd5 70. Kf3 Be5 71. h3
Bh2 72. Kg2 Bf4 73. Nf3 Ng7 74. Rg8 Ne6 75. Kf2 Ke4 76. Re8 Kf5 77. Ke2 Bc1 78.
Kf2 Ba3 79. Ra8 Bc5+ 80. Kg2 Nf4+ 81. Kh2 Be7 82. Ra5+ Kg6 83. Ne5+ Kg7 84. Ra6
Bf6 85. Ng4 Bd4 86. Nh6 Be5 87. Ng4 Bc7 88. Ra7 Ne6+ 89. Kg2 Kg6 90. Kf3 Kf5
91. Ne3+ Kg6 92. Kg4 Bf4 93. Nd5 Bc1 94. Re7 Nf4 95. Rc7 Nxd5 96. Rxc1 Nf6+ 97.
Kf3 Kf5 98. Rc5+ Kg6 99. Ra5 Kh6 100. Ke3 Kg6 101. Kd4 g4 102. hxg4 Nxg4 103.
Ke4 h3 104. Kf3 h2 105. Ra1 Kg5 106. Kg3 Kf5 107. Kg2 Kf4 108. Ra8 Kf5 109. Rh8
Kg6 110. Kg3 Kg5 111. Rh3 Nh6 112. Rxh2 Nf5+ 113. Kf3 Nd4+ 114. Ke4 Ne6 115.
Rg2+ Kf6 116. Rf2+ Ke7 117. Ke5 Ng5 118. Kf5 Nf7 119. Re2+ Kd7 120. Kf6 Nd6
121. Rd2 Kc6 122. Ke6 Nc4 123. Rc2 Kc5 124. Rxc4+ 1/2-1/2

[Event "Oberliga Ost B 2017 2018"]
[Site "Germany"]
[Date "2017.12.10"]
[Round "4.6"]
[White "Stork, Oliver"]
[Black "Graf, Gerd"]
[Result "1-0"]
[WhiteElo "2093"]
[BlackElo "2231"]
[PlyCount "67"]
[EventDate "2017.10.22"]
[EventType "team-tourn"]
[EventCountry "GER"]
[WhiteTeam "Oberursel SV"]
[BlackTeam "Frankfurt SC Koenig Nied"]
[WhiteTeamCountry "GER"]
[BlackTeamCountry "GER"]

1. c4 g6 2. g3 Bg7 3. Bg2 d6 4. Nc3 e5 5. e4 Nc6 6. Nge2 h5 7. h4 Nh6 8. d3 O-O
9. Be3 Ng4 10. Bg5 f6 11. Bd2 Nb4 12. O-O c6 13. d4 exd4 14. Nxd4 Nd3 15. Qc2
Nde5 16. Nce2 c5 17. Nf3 Be6 18. b3 a6 19. a4 b5 20. Nxe5 Nxe5 21. axb5 axb5
22. Rxa8 Qxa8 23. f4 Ng4 24. f5 Bf7 25. e5 Qa7 26. fxg6 Be6 27. Nf4 Bc8 28.
exd6 f5 29. Bc3 Ne3 30. Qb2 Nxf1 31. Bd5+ Kh8 32. Nxh5 Rg8 33. Bxg7+ Rxg7 34.
Kxf1 1-0

[Event "Oberliga Ost B 2017 2018"]
[Site "Germany"]
[Date "2017.12.10"]
[Round "4.7"]
[White "Prenzler, Daniel"]
[Black "Falk, Thomas"]
[Result "1-0"]
[WhiteElo "2166"]
[BlackElo "2107"]
[PlyCount "61"]
[EventDate "2017.10.22"]
[EventType "team-tourn"]
[EventCountry "GER"]
[WhiteTeam "Frankfurt SC Koenig Nied"]
[BlackTeam "Oberursel SV"]
[WhiteTeamCountry "GER"]
[BlackTeamCountry "GER"]

1. Nf3 Nf6 2. g3 d5 3. Bg2 c6 4. d3 Bf5 5. O-O h6 6. Nbd2 e6 7. b3 Be7 8. Bb2
O-O 9. Re1 a5 10. e4 Bh7 11. a4 Na6 12. e5 Nd7 13. Nd4 Nc7 14. Qe2 Nxe5 15.
Qxe5 Bf6 16. Qe3 c5 17. Nxe6 Nxe6 18. Bxf6 Qxf6 19. Bxd5 Nd4 20. Rac1 Rab8 21.
Nf3 Rfd8 22. Nxd4 cxd4 23. Qe5 Qxe5 24. Rxe5 Kf8 25. Bc4 b6 26. Rce1 Rb7 27.
Kf1 f6 28. Rb5 Rd6 29. b4 axb4 30. Rxb4 Rc7 31. a5 1-0

[Event "Oberliga Ost B 2017 2018"]
[Site "Germany"]
[Date "2017.12.10"]
[Round "4.8"]
[White "Gries, Volker"]
[Black "Haenisch, Uwe"]
[Result "1-0"]
[WhiteElo "2063"]
[BlackElo "2195"]
[PlyCount "139"]
[EventDate "2017.10.22"]
[EventType "team-tourn"]
[EventCountry "GER"]
[WhiteTeam "Oberursel SV"]
[BlackTeam "Frankfurt SC Koenig Nied"]
[WhiteTeamCountry "GER"]
[BlackTeamCountry "GER"]

1. e4 Nf6 2. e5 Nd5 3. d4 d6 4. Nf3 Bg4 5. Be2 c6 6. O-O Bxf3 7. Bxf3 dxe5 8.
dxe5 e6 9. c4 Ne7 10. Qxd8+ Kxd8 11. Rd1+ Nd7 12. Be4 Kc7 13. f4 f5 14. exf6
gxf6 15. Be3 Bh6 16. Nc3 e5 17. Ne2 Ng6 18. Bf5 Rhd8 19. g3 Ndf8 20. Kf2 exf4
21. Nxf4 Nxf4 22. gxf4 Ng6 23. Kg3 b6 24. h4 Nf8 25. h5 Re8 26. Kf3 Re7 27. Rd3
Rd8 28. Rxd8 Kxd8 29. Rd1+ Kc7 30. Rd3 Ne6 31. Bxe6 Rxe6 32. Kg4 Re7 33. Kf5
Bg7 34. Bd2 Rd7 35. Rg3 Kd6 36. Bc3 Rf7 37. Rd3+ Ke7 38. Bb4+ c5 39. Bc3 Ke8
40. Rd6 Ke7 41. Re6+ Kd7 42. Re2 Bf8 43. a4 Bd6 44. a5 Bc7 45. axb6 axb6 46.
Rg2 Bd6 47. Rg1 Be7 48. Ra1 Bd8 49. Rd1+ Ke8 50. Rd6 Rf8 51. Bxf6 Bc7 52. Re6+
Kd7 53. Re7+ Kc6 54. Rxh7 Bxf4 55. Kg6 Re8 56. Re7 Rg8+ 57. Bg7 Ra8 58. h6 Bxh6
59. Bxh6 Kd6 60. Kf7 Kc6 61. Bf4 b5 62. Re6+ Kb7 63. cxb5 Ra4 64. Be5 Rb4 65.
b6 Rc4 66. Ke7 Rc2 67. Rd6 Rg2 68. Ke6 Rg4 69. Kd5 Rg5 70. Re6 1-0